[Event "European Blitz 2017"]
[Site "Katowice POL"]
[Date "2017.12.15"]
[Round "22.75"]
[White "Przybylski, Wojciech"]
[Black "Golenia, Wojciech"]
[Result "0-1"]
[WhiteTitle "FM"]
[WhiteElo "2320"]
[BlackElo "1984"]
[WhiteFideId "1117599"]
[BlackFideId "1175300"]
[EventDate "2017.12.15"]
[EventType "swiss"]

1. e4 c5 2. Nf3 e6 3. b3 d5 4. exd5 exd5 5. d4 Nf6 6. Bb5+ Nc6 7. O-O Be7 8.
dxc5 O-O 9. Bb2 Bg4 10. h3 Bh5 11. g4 Bg6 12. Nc3 Bxc5 13. Ne2 Be4 14. Ng3 Qc7
15. Nd4 Qf4 16. Bxc6 bxc6 17. Bc1 Qc7 18. Be3 Nd7 19. Nxe4 dxe4 20. Nf5 Bxe3 21.
fxe3 Ne5 22. Qd6 Qxd6 23. Nxd6 Rad8 24. Nxe4 Rfe8 25. Rad1 f6 26. Rxd8 Rxd8 27.
Kf2 Kf7 28. Ke2 Ke6 29. Rd1 Rxd1 30. Kxd1 Kd5 31. Nd2 Nf7 32. Ke2 Ng5 33. h4 Nf7
34. c4+ Ke6 35. Nf3 g6 36. Nd4+ Kd6 37. Nf3 c5 38. a3 a5 39. Kd3 h6 40. Ke4 Ke6
41. h5 g5 42. Kd3 f5 43. gxf5+ Kxf5 44. Ne1 Kg4 45. Ke4 Kxh5 46. Kf5 g4 47. Ng2
Nd6+ 48. Kf4 a4 49. bxa4 Nxc4 50. e4 Kg6 51. Kxg4 Kf6 52. Kf4 Ke6 53. Ne3 Nxa3
54. Nf5 c4 55. Ke3 h5 56. Ng7+ Ke5 57. Nxh5 c3 58. Ng3 c2 59. Kd2 Kf4 60. a5
Kxg3 61. a6 Nb5 62. e5 Nc7 63. a7 Kf4 64. e6 Nd5 65. a8=Q Ne3 66. Qb8+ Ke4 67.
Qb7+ Kf4 68. Qf7+ Ke4 69. Qh7+ Kd4 70. Qa7+ Kd5 71. Qxe3 c1=Q+ 72. Kxc1 Kd6 73.
e7 Kc7 74. Kc2 Kd7 75. Qe4 Kc7 76. Kc3 Kd6 77. Kd4 0-1

[Event "European Blitz 2017"]
[Site "Katowice POL"]
[Date "2017.12.15"]
[Round "22.76"]
[White "Dudas, Jan"]
[Black "Laurusas, Tomas"]
[Result "0-1"]
[WhiteTitle "FM"]
[BlackTitle "IM"]
[WhiteElo "2216"]
[BlackElo "2423"]
[WhiteFideId "14900580"]
[BlackFideId "12803731"]
[EventDate "2017.12.15"]
[EventType "blitz"]

1. e4 c6 2. d4 d5 3. Nd2 a6 4. Ngf3 Bg4 5. c3 e6 6. h3 Bh5 7. Bd3 Nf6 8. O-O Be7
9. Re1 O-O 10. exd5 cxd5 11. Nf1 Nc6 12. Ng3 Bg6 13. Ne5 Nxe5 14. dxe5 Nd7 15.
Bxg6 hxg6 16. f4 Bh4 17. Qg4 Nc5 18. Be3 Bxg3 19. Qxg3 Ne4 20. Qg4 Rc8 21. Rad1
Qa5 22. a3 Qb5 23. Qe2 Qxe2 24. Rxe2 f6 25. exf6 gxf6 26. Bd4 Kf7 27. g4 g5 28.
fxg5 fxg5 29. Be5 Ke7 30. Rf1 a5 31. Rxf8 Rxf8 32. c4 Rf3 33. Kg2 Rd3 34. cxd5
exd5 35. Rc2 Ke6 36. Bc7 a4 37. Bb6 d4 38. Kf1 Rf3+ 39. Kg2 Rd3 40. Re2 Kd5 41.
Rc2 Rg3+ 42. Kh2 Rb3 43. Bd8 d3 44. Rc1 Rxb2+ 45. Kg1 d2 0-1

[Event "European Blitz 2017"]
[Site "Katowice POL"]
[Date "2017.12.15"]
[Round "22.77"]
[White "Terletsky, Oleg"]
[Black "Pena Gomez, Manuel"]
[Result "1/2-1/2"]
[WhiteTitle "FM"]
[BlackTitle "IM"]
[WhiteElo "2384"]
[BlackElo "2491"]
[WhiteFideId "14116774"]
[BlackFideId "2252813"]
[EventDate "2017.12.15"]
[EventType "blitz"]

1. e4 e5 2. Nf3 Nc6 3. Nc3 Nf6 4. d4 exd4 5. Nxd4 Bb4 6. Nxc6 bxc6 7. Bd3 d5 8.
exd5 cxd5 9. O-O O-O 10. Bg5 c6 11. Qf3 h6 12. Bxf6 Qxf6 13. Qxf6 gxf6 14. Ne2
Rb8 15. b3 Bd6 16. Rad1 Be5 17. Ng3 Bc3 18. Nf5 Bxf5 19. Bxf5 Kg7 20. Rd3 Ba5
21. Rg3+ Kh8 22. Rd1 Rbd8 23. a4 Rfe8 24. Rh3 Kg7 25. g4 Re5 26. Kg2 c5 27. Rhd3
d4 28. Rh3 Rde8 29. Bd3 Re1 30. Rxe1 Rxe1 31. f4 Bd2 32. Rh5 Bb4 33. Rd5 Re7 34.
Bc4 a5 35. Rd8 Bd2 36. f5 Bf4 37. Rc8 Bc7 38. Bd3 Kh7 39. h4 Kg7 40. h5 Kh7 41.
Kf1 Kg7 42. Be2 Kh7 43. Ke1 Bg3+ 44. Kd2 Bf4+ 45. Kd1 Bc7 46. Bb5 Kg7 47. Kd2
Bf4+ 48. Kd3 Re3+ 49. Kc4 Rc3+ 50. Kd5 Rxc2 51. Ke4 Be5 52. Bc4 Rf2 53. Ra8 Rf4+
54. Kd3 Rxg4 55. Ra7 Rg3+ 56. Ke4 Re3+ 57. Kd5 d3 58. Kc6 d2 59. Rxf7+ Kh8 60.
Rf8+ Kg7 61. Rf7+ Kh8 62. Rf8+ 1/2-1/2

[Event "European Blitz 2017"]
[Site "Katowice POL"]
[Date "2017.12.15"]
[Round "22.78"]
[White "Polzin, Rainer"]
[Black "Peterson, Emery"]
[Result "1-0"]
[WhiteTitle "GM"]
[WhiteElo "2404"]
[BlackElo "2168"]
[WhiteFideId "4610741"]
[BlackFideId "4610920"]
[EventDate "2017.12.15"]
[EventType "blitz"]

1. e4 e6 2. d4 d5 3. Nc3 Bb4 4. e5 c5 5. a3 Ba5 6. b4 cxd4 7. bxa5 dxc3 8. Qg4
Ne7 9. Qxg7 Rg8 10. Qxh7 Nbc6 11. f4 Qxa5 12. Nf3 Bd7 13. Rb1 O-O-O 14. Qd3 a6
15. g3 Nf5 16. Bh3 d4 17. O-O Nce7 18. Ng5 Bb5 19. Rxb5 Qxb5 20. Qxb5 axb5 21.
Nxf7 d3 22. Nxd8 Rxd8 23. cxd3 Rxd3 24. Kg2 Kc7 25. Rf3 Rxf3 26. Kxf3 Nd4+ 27.
Ke4 Nb3 28. Be3 Kd7 29. Kd3 Nd5 30. Bf2 Nc1+ 31. Kc2 Ne2 32. Bg4 Nexf4 33. gxf4
Nxf4 34. h4 Ng6 35. Bg3 1-0

[Event "European Blitz 2017"]
[Site "Katowice POL"]
[Date "2017.12.15"]
[Round "22.79"]
[White "Luch, Michal"]
[Black "Karpus, Michal"]
[Result "1-0"]
[WhiteTitle "IM"]
[BlackTitle "FM"]
[WhiteElo "2398"]
[BlackElo "2328"]
[WhiteFideId "1120042"]
[BlackFideId "1174088"]
[EventDate "2017.12.15"]
[EventType "blitz"]

1. d4 Nf6 2. c4 g6 3. g3 Bg7 4. Bg2 d5 5. cxd5 Nxd5 6. e4 Nb6 7. Ne2 c5 8. d5
O-O 9. O-O e6 10. Nec3 Na6 11. Na3 Nb4 12. Be3 Na6 13. Qb3 exd5 14. exd5 Bf5 15.
Rfd1 Qd7 16. Nab5 c4 17. Qa3 Rfc8 18. Nxa7 Rxa7 19. Bxb6 Raa8 20. Qa5 Nc5 21.
Qb5 Qxb5 22. Nxb5 Na4 23. Bd4 Nxb2 24. Rdc1 Nd3 25. Rc3 Bf8 26. d6 Bd7 27. Nc7
Ra4 28. Nd5 Bxd6 29. Nf6+ Kf8 30. Nxd7+ Ke7 31. Nb6 Ra3 1-0

[Event "European Blitz 2017"]
[Site "Katowice POL"]
[Date "2017.12.15"]
[Round "22.80"]
[White "Djuric, Stefan"]
[Black "Tomaszewski, Kacper"]
[Result "1-0"]
[WhiteTitle "GM"]
[WhiteElo "2383"]
[BlackElo "2292"]
[WhiteFideId "900133"]
[BlackFideId "1127373"]
[EventDate "2017.12.15"]
[EventType "blitz"]

1. e4 c5 2. Nf3 e6 3. Nc3 Nc6 4. g3 d6 5. Bg2 Nf6 6. d4 cxd4 7. Nxd4 Bd7 8. Ndb5
Qb8 9. Bf4 e5 10. Bg5 a6 11. Na3 b5 12. Bxf6 gxf6 13. Nd5 Bg7 14. c3 O-O 15. Nc2
Ra7 16. Qf3 Qd8 17. Nce3 f5 18. Nxf5 Bxf5 19. Qxf5 b4 20. O-O bxc3 21. bxc3 Kh8
22. Qh5 Ne7 23. Ne3 Rc7 24. c4 Rc6 25. Bh3 Ng6 26. Rab1 Qf6 27. Rb7 Rfc8 28. Nd5
Qd8 29. Rxf7 Rb8 30. Nf6 Qxf6 31. Rxf6 Bxf6 32. Be6 Bg7 33. Bd5 Rc5 34. Qh3 Ne7
35. Qe6 Nxd5 36. cxd5 Bf8 37. Kg2 Rbc8 38. Rb1 Rc2 39. Rb7 Bg7 40. Qf7 Rg8 41.
a4 Ra2 42. Qd7 Rxa4 43. Qxa4 1-0

[Event "European Blitz 2017"]
[Site "Katowice POL"]
[Date "2017.12.15"]
[Round "22.81"]
[White "Miezis, Normunds"]
[Black "Klabis, Rokas"]
[Result "0-1"]
[WhiteTitle "GM"]
[BlackTitle "FM"]
[WhiteElo "2434"]
[BlackElo "2366"]
[WhiteFideId "11600136"]
[BlackFideId "12805246"]
[EventDate "2017.12.15"]
[EventType "blitz"]

1. c4 e5 2. Nc3 Nc6 3. g3 d6 4. Bg2 Be6 5. Nd5 Nf6 6. d3 Qc8 7. Bg5 Be7 8. Nxe7
Nxe7 9. h3 h6 10. Bd2 O-O 11. Nf3 c6 12. b3 Ng6 13. Bc3 Nd7 14. d4 e4 15. Nh2 d5
16. cxd5 cxd5 17. Rc1 Qd8 18. Ng4 f5 19. Ne5 Ndxe5 20. dxe5 f4 21. O-O Qg5 22.
Kh2 Qh5 23. Rh1 fxg3+ 24. fxg3 Rf2 25. g4 Bxg4 26. Qxd5+ Kh7 27. Qxe4 Bxe2 28.
Kg1 Raf8 29. Re1 Bf3 30. Bxf3 R2xf3 31. Qg4 Nh4 32. Qe4+ Kh8 33. Qg4 R8f4 34. e6
Rxg4+ 0-1

[Event "European Blitz 2017"]
[Site "Katowice POL"]
[Date "2017.12.15"]
[Round "22.82"]
[White "Reichmann, Hendrik"]
[Black "Piotrowski, Przemyslaw"]
[Result "0-1"]
[WhiteTitle "FM"]
[WhiteElo "2337"]
[BlackElo "2314"]
[WhiteFideId "4647823"]
[BlackFideId "1127063"]
[EventDate "2017.12.15"]
[EventType "blitz"]

1. d4 Nf6 2. Bf4 g6 3. e3 Bg7 4. Nf3 O-O 5. Be2 d6 6. h3 Nfd7 7. c3 e5 8. Bh2 c6
9. O-O Re8 10. a4 f5 11. dxe5 Nxe5 12. Na3 Be6 13. Nd4 Bf7 14. Qc2 c5 15. Nf3
Nbc6 16. Rfd1 d5 17. Nxe5 Nxe5 18. c4 d4 19. exd4 cxd4 20. Nb5 Rc8 21. Nxa7 Bxc4
22. Bxc4+ Rxc4 23. Qb3 Qd5 24. Bxe5 Bxe5 25. Nb5 Kh8 26. Rab1 Rec8 27. Na3 R4c5
28. Qxd5 Rxd5 29. Rd3 Ra5 30. b3 Rc3 31. Rbd1 Rac5 32. Nc4 Bf6 33. g3 b5 34.
axb5 Rxb5 35. Rxc3 dxc3 36. Rc1 Rxb3 37. Kf1 Bd4 38. Rd1 c2 39. Rc1 Rb1 0-1

[Event "European Blitz 2017"]
[Site "Katowice POL"]
[Date "2017.12.15"]
[Round "22.83"]
[White "Slabek, Grzegorz"]
[Black "Meissner, Felix"]
[Result "1/2-1/2"]
[BlackTitle "FM"]
[WhiteElo "1956"]
[BlackElo "2333"]
[WhiteFideId "1105531"]
[BlackFideId "24671827"]
[EventDate "2017.12.15"]
[EventType "swiss"]

1. d4 g6 2. Nf3 Bg7 3. b4 Nf6 4. Bb2 O-O 5. e3 b6 6. Be2 Bb7 7. O-O d6 8. c4 a5
9. b5 e6 10. Nc3 Qe7 11. a4 Ne4 12. Nxe4 Bxe4 13. Nd2 Bb7 14. Bf3 c5 15. bxc6
Nxc6 16. Rb1 Nb4 17. Bxb7 Qxb7 18. Ba3 Rfb8 19. Bxb4 axb4 20. Rxb4 Qc6 21. Qb3
Bf8 22. Rb1 Ra6 23. Rb5 Rba8 24. Rxb6 Rxb6 25. Qxb6 Qxa4 26. Qb5 Qc2 27. Qb2 Qd3
28. g3 h5 29. h4 Bh6 30. c5 dxc5 31. dxc5 Bg7 32. Qc1 Ra2 33. c6 Rc2 34. c7 Qc3
35. Qxc2 Qxc2 36. Rb8+ Kh7 37. c8=Q Qxd2 38. Qg8+ Kh6 39. Qxf7 Qd1+ 40. Kg2 Qd5+
41. Qf3 Qd6 42. Qf4+ Qxf4 43. gxf4 e5 44. Kf3 exf4 45. Kxf4 Bf6 46. e4 Bd4 47.
e5 Bxf2 48. e6 Bxh4 49. Rb7 g5+ 50. Kf5 g4 51. e7 Bxe7 52. Rxe7 g3 53. Re6+ Kh7
54. Rg6 h4 55. Rg4 1/2-1/2

[Event "European Blitz 2017"]
[Site "Katowice POL"]
[Date "2017.12.15"]
[Round "22.84"]
[White "Piesik, Piotr"]
[Black "Kastelik, Adrian"]
[Result "1-0"]
[WhiteTitle "FM"]
[WhiteElo "2374"]
[BlackElo "2176"]
[WhiteFideId "1136194"]
[BlackFideId "1134701"]
[EventDate "2017.12.15"]
[EventType "blitz"]

1. Nf3 Nc6 2. d4 d5 3. Bf4 Bf5 4. c3 e6 5. Nbd2 Bd6 6. Bg3 Nf6 7. e3 O-O 8. Be2
h6 9. O-O Ne4 10. Nxe4 Bxe4 11. Nd2 Bh7 12. c4 Nb4 13. a3 Nc6 14. Rc1 Ne7 15.
Qb3 Qc8 16. Bxd6 cxd6 17. cxd5 Qd7 18. dxe6 fxe6 19. Bc4 d5 20. Bb5 Qd6 21. Nf3
Be4 22. Ne5 a6 23. Be2 b5 24. f3 Bh7 25. Qb4 Qxb4 26. axb4 Nf5 27. Kf2 Nd6 28.
Rc6 Rfd8 29. Ra1 Nc4 30. b3 Nd2 31. Ra2 Nb1 32. Bd3 Rac8 33. Bxh7+ Kxh7 34.
Raxa6 Nd2 35. Rxc8 Rxc8 36. Rxe6 Rc2 37. Kg3 Nf1+ 38. Kf4 g5+ 39. Kf5 Nxe3+ 40.
Kf6 Nxg2 41. Re7+ Kg8 42. Ng6 Rc6+ 43. Re6 Rxe6+ 44. Kxe6 Ne1 45. Ne5 Nc2 46.
Kxd5 Nxb4+ 47. Kc5 Nc2 48. d5 Kf8 49. Kxb5 Ke7 50. Kc5 Ne3 51. b4 Nf5 52. b5 Kd8
53. d6 h5 54. Nf7+ Kd7 55. Ne5+ Kd8 56. b6 Ng7 57. b7 Ne6+ 58. Kc4 Nc7 59. b8=Q# 1-0

[Event "European Blitz 2017"]
[Site "Katowice POL"]
[Date "2017.12.15"]
[Round "22.85"]
[White "Semjonovs, Ilja"]
[Black "Vykouk, Jan"]
[Result "0-1"]
[BlackTitle "FM"]
[WhiteElo "2233"]
[BlackElo "2435"]
[WhiteFideId "11604263"]
[BlackFideId "349658"]
[EventDate "2017.12.15"]
[EventType "blitz"]

1. d4 Nf6 2. Nf3 c5 3. c3 b6 4. Bg5 Bb7 5. Bxf6 gxf6 6. e3 e6 7. Nbd2 f5 8. Bd3
Rg8 9. Rg1 d6 10. Qe2 Nd7 11. e4 fxe4 12. Nxe4 Nf6 13. Nxf6+ Qxf6 14. Be4 Bxe4
15. Qxe4 d5 16. Qxh7 Rg4 17. Qd3 c4 18. Qd1 Re4+ 19. Kf1 O-O-O 20. Qa4 Kb7 21.
Re1 Rf4 22. b3 Qf5 23. bxc4 Qd3+ 24. Re2 Qxc3 25. cxd5 Rxd5 26. Qc2 Qb4 27. Qb2
Qd6 28. Re3 Bg7 29. g3 Bxd4 30. gxf4 Bxb2 0-1

[Event "European Blitz 2017"]
[Site "Katowice POL"]
[Date "2017.12.15"]
[Round "22.86"]
[White "Tymrakiewicz, Rafal"]
[Black "Ustianovich, Nazar"]
[Result "0-1"]
[WhiteTitle "FM"]
[BlackTitle "FM"]
[WhiteElo "2272"]
[BlackElo "2366"]
[WhiteFideId "1108832"]
[BlackFideId "14109778"]
[EventDate "2017.12.15"]
[EventType "blitz"]

1. d4 Nf6 2. Bf4 g6 3. e3 Bg7 4. Nf3 b6 5. Nbd2 Bb7 6. Bc4 O-O 7. O-O d6 8. Qe2
Nbd7 9. Rad1 c5 10. c3 Qc7 11. h3 Rfe8 12. Bh2 Bc6 13. e4 e5 14. dxe5 Nxe5 15.
Nxe5 dxe5 16. g4 Qb7 17. Ba6 Qb8 18. Bb5 Qb7 19. f3 Bxb5 20. Qxb5 a6 21. Qc4
Rac8 22. Rfe1 b5 23. Qe2 c4 24. Nf1 Nd7 25. Ne3 Nc5 26. Nd5 Qc6 27. Kh1 Nd3 28.
Rf1 Qe6 29. Bg1 Red8 30. Be3 Rxd5 31. exd5 Qxd5 32. Kh2 Re8 33. Bf2 e4 34. fxe4
Rxe4 35. Qf3 Be5+ 36. Bg3 Bxg3+ 37. Kxg3 Qe5+ 38. Kh4 g5+ 39. Kh5 Nf4+ 40. Qxf4
gxf4+ 41. g5 Kg7 42. h4 Qe6 43. Rf3 Qf5 44. Rdf1 Re6 45. Rxf4 Rh6# 0-1

[Event "European Blitz 2017"]
[Site "Katowice POL"]
[Date "2017.12.15"]
[Round "22.88"]
[White "Stauskas, Lukas"]
[Black "Sadzikowski, Daniel"]
[Result "0-1"]
[BlackTitle "GM"]
[WhiteElo "2349"]
[BlackElo "2584"]
[WhiteFideId "12808148"]
[BlackFideId "1132253"]
[EventDate "2017.12.15"]
[EventType "blitz"]

1. d4 Nf6 2. c4 e6 3. Nc3 Bb4 4. Qc2 O-O 5. e4 d5 6. e5 Ne4 7. a3 Bxc3+ 8. bxc3
c5 9. Bd3 cxd4 10. cxd4 Qa5+ 11. Kf1 f6 12. exf6 Rxf6 13. Be3 Nc6 14. Bxe4 dxe4
15. Ne2 b6 16. h4 Ba6 17. h5 h6 18. Rc1 Qxa3 19. Qxe4 Bb7 20. Rh3 Raf8 21. Kg1
Na5 22. Qg4 Qb2 23. Rg3 R8f7 24. Nf4 Nb3 25. Rd1 Be4 26. d5 Bf5 27. Qh4 Qc2 28.
Re1 e5 29. Ne2 Bd3 30. Qg4 Qxc4 31. Qxc4 Bxc4 32. Nc3 Nd4 33. Ne4 Ne2+ 34. Rxe2
Bxe2 35. Nxf6+ Rxf6 36. f3 Bc4 0-1

[Event "European Blitz 2017"]
[Site "Katowice POL"]
[Date "2017.12.15"]
[Round "22.89"]
[White "Pribyl, Josef"]
[Black "Kumala, Aleksander"]
[Result "0-1"]
[WhiteTitle "IM"]
[WhiteElo "2263"]
[BlackElo "2220"]
[WhiteFideId "300187"]
[BlackFideId "1141880"]
[EventDate "2017.12.15"]
[EventType "blitz"]

1. d4 Nf6 2. Nf3 e6 3. g3 c5 4. c4 Nc6 5. Bg2 d5 6. cxd5 Nxd5 7. O-O Be7 8. Nc3
O-O 9. Nxd5 Qxd5 10. e3 Qd6 11. dxc5 Qxc5 12. Qe2 Rd8 13. Bd2 Bf6 14. Rac1 Qb6
15. Bc3 Bxc3 16. Rxc3 Bd7 17. Rfc1 h6 18. h4 Nb4 19. b3 Bb5 20. Qb2 Nd3 21. Qa3
Nxc1 22. Qxc1 Bc6 23. g4 Qb4 24. Rc4 Qd6 25. Qc3 Qd1+ 26. Ne1 Rd2 27. Bxc6 Qxe1+
28. Kg2 Qxf2+ 0-1

[Event "European Blitz 2017"]
[Site "Katowice POL"]
[Date "2017.12.15"]
[Round "22.90"]
[White "Batsiashvili, Nino"]
[Black "Snihur, Piotr"]
[Result "1-0"]
[WhiteTitle "IM"]
[WhiteElo "2502"]
[BlackElo "2233"]
[WhiteFideId "13602993"]
[BlackFideId "1157191"]
[EventDate "2017.12.15"]
[EventType "blitz"]

1. d4 Nf6 2. c4 c5 3. d5 b5 4. Qc2 bxc4 5. e4 d6 6. Nf3 Nbd7 7. a4 g6 8. Bxc4
Bg7 9. h3 O-O 10. O-O Rb8 11. Nc3 Rb4 12. Be2 Qb6 13. a5 Qb8 14. Ra2 Ne8 15. Bd2
Ne5 16. Nxe5 Bxe5 17. Nd1 Rb7 18. Bc3 Bxc3 19. Nxc3 e5 20. f4 Re7 21. f5 f6 22.
Bg4 g5 23. Be2 Rb7 24. Qd2 Rb4 25. h4 h6 26. Nd1 Rd4 27. Qe3 Qb4 28. Nc3 Ng7 29.
Qf3 Bd7 30. Kh2 Rb8 31. Qh3 Bxf5 32. Bg4 Bxe4 33. hxg5 Bxg2 34. Be6+ Nxe6 35.
Qxe6+ Kh7 36. Qf7+ Kh8 37. Qxf6+ Kh7 38. g6+ 1-0

[Event "European Blitz 2017"]
[Site "Katowice POL"]
[Date "2017.12.15"]
[Round "22.91"]
[White "Kahleys, Kevin"]
[Black "Jablonicky, Martin"]
[Result "1-0"]
[BlackTitle "FM"]
[WhiteElo "2195"]
[BlackElo "2302"]
[WhiteFideId "24669601"]
[BlackFideId "14925621"]
[EventDate "2017.12.15"]
[EventType "blitz"]

1. d4 Nf6 2. Nf3 g6 3. g3 Bg7 4. Bg2 O-O 5. O-O d6 6. c4 Nc6 7. Nc3 Bg4 8. h3
Bxf3 9. Bxf3 Nd7 10. e3 e5 11. d5 Ne7 12. e4 f5 13. b4 a5 14. bxa5 Rxa5 15. Bd2
Ra8 16. Kg2 Nc5 17. Qc2 b6 18. a4 fxe4 19. Nxe4 Nf5 20. Be3 Nd4 21. Bxd4 exd4
22. Ra3 Rxf3 23. Rxf3 d3 24. Rxd3 Nxe4 25. Re3 Nc5 26. Rfe1 Qf8 27. Re7 Rc8 28.
Qe2 Be5 29. Qg4 Bf6 30. Qxc8 Qxc8 31. Re8+ Qxe8 32. Rxe8+ Kf7 33. Rc8 Nxa4 34.
Rxc7+ Be7 35. f4 Kf6 36. Kf3 h6 37. g4 Nc3 38. Rc6 b5 39. c5 Nxd5 40. cxd6 Bd8
41. Rc5 Ke6 42. d7 b4 43. f5+ gxf5 44. gxf5+ Kd6 45. Rb5 Ne7 46. Ke4 Kxd7 47.
Rxb4 Bc7 48. f6 Nc6 49. Rb7 Nd8 50. Ra7 Kd6 51. Kf5 Nf7 52. Kg6 Ng5 53. h4 Nf3
54. Kg7 Ne5 55. f7 Nxf7 56. Kxf7 Bd8 57. h5 Bg5 58. Ra6+ Ke5 59. Kg6 Kf4 60.
Ra4+ Kg3 61. Re4 Kh3 62. Kf5 Bc1 63. Rg4 Bd2 64. Rg1 Kh4 65. Rh1+ Kg3 66. Kg6
Kg4 67. Rd1 Be3 68. Rd3 Bc1 69. Rc3 Bd2 70. Rc2 Be3 71. Rc4+ Kh3 72. Re4 Bd2 73.
Kh7 Kg3 74. Re6 Kg4 75. Rxh6 Kg5 76. Rd6 Bf4 77. Rd5+ Kf6 78. h6 Kf7 79. Rf5+ 1-0

[Event "European Blitz 2017"]
[Site "Katowice POL"]
[Date "2017.12.15"]
[Round "22.92"]
[White "Psyk, Radoslaw"]
[Black "Budrewicz, Krzysztof"]
[Result "0-1"]
[WhiteElo "2222"]
[BlackElo "2204"]
[WhiteFideId "1182838"]
[BlackFideId "1127950"]
[EventDate "2017.12.15"]
[EventType "blitz"]

1. e4 g6 2. Nc3 Bg7 3. Bc4 c6 4. Nf3 b5 5. Bb3 d6 6. O-O a5 7. a4 b4 8. Ne2 Nf6
9. Ng3 O-O 10. d4 Bg4 11. h3 Bxf3 12. Qxf3 e5 13. dxe5 dxe5 14. Be3 Qe7 15. Rfd1
Nbd7 16. Nf1 Nc5 17. Bxc5 Qxc5 18. Ne3 Rad8 19. g4 h6 20. h4 Rd4 21. Rxd4 exd4
22. Nf1 h5 23. g5 Ng4 24. Rd1 Kh7 25. Ng3 f6 26. Qe2 fxg5 27. f3 d3+ 0-1

[Event "European Blitz 2017"]
[Site "Katowice POL"]
[Date "2017.12.15"]
[Round "22.93"]
[White "Cieslar, Michal"]
[Black "Tomaszewski, Roman"]
[Result "0-1"]
[BlackTitle "IM"]
[WhiteElo "2032"]
[BlackElo "2285"]
[WhiteFideId "1141066"]
[BlackFideId "1100637"]
[EventDate "2017.12.15"]
[EventType "blitz"]

1. e4 c6 2. d3 d5 3. Nd2 e5 4. g3 Nf6 5. Bg2 g6 6. Ne2 Bg7 7. O-O a5 8. h3 O-O
9. f4 exf4 10. e5 Ne8 11. gxf4 c5 12. c3 Nc6 13. d4 cxd4 14. cxd4 Nc7 15. Nf3
Bf5 16. Be3 Ne6 17. a3 Qb6 18. Nh4 Be4 19. Qd2 Bxg2 20. Kxg2 f5 21. Nf3 a4 22.
Nc3 Rfd8 23. Rf2 Na5 24. Nxa4 Qc6 25. Nc3 Nb3 26. Qe1 Nxa1 27. Qxa1 Nc7 28. Rc2
Nb5 29. Qc1 Rac8 30. Ne1 Nxc3 31. Rxc3 Qe6 32. Nd3 Rxc3 33. Qxc3 Bf8 34. Qb3 Qc6
35. Kf3 Rc8 36. Bd2 b5 37. Ke3 Qc4 38. Qxc4 bxc4 39. Nb4 Bxb4 40. Bxb4 Kf7 41.
a4 Ra8 42. a5 Ke6 43. Kd2 Kd7 44. Ke3 h6 45. Kf3 Kc6 46. h4 Kb5 47. Bc3 Ka4 48.
Kg3 Kb5 49. h5 Ra6 50. Kh4 Re6 51. hxg6 Rxg6 52. Kh5 Re6 53. Be1 Ka4 54. Bc3 Kb3
55. Kh4 Kc2 56. Kh5 Kd3 57. Kh4 Ke4 58. Bb4 Kxd4 59. Bd6 Re8 60. Bc7 Kc5 61. Kh5
Kc6 62. Bb6 Re6 63. Bd4 Kb5 64. Bc3 d4 65. Bxd4 Kxa5 66. Bc5 Kb5 67. Bf8 Kc6 68.
Bxh6 Kd5 69. Kg5 Ke4 70. Bf8 Re8 71. Bd6 Kd3 72. Kxf5 Kc2 73. Ba3 Rc8 74. e6 c3
75. Kf6 Kb3 76. e7 c2 0-1

[Event "European Blitz 2017"]
[Site "Katowice POL"]
[Date "2017.12.15"]
[Round "22.94"]
[White "Balaian, Alina"]
[Black "Tate, Alan"]
[Result "1-0"]
[WhiteTitle "WIM"]
[BlackTitle "FM"]
[WhiteElo "2224"]
[BlackElo "2358"]
[WhiteFideId "24115347"]
[BlackFideId "2401878"]
[EventDate "2017.12.15"]
[EventType "blitz"]

1. e4 g6 2. d4 Bg7 3. Nc3 d6 4. f4 a6 5. Nf3 b5 6. Bd3 Nd7 7. a4 b4 8. Ne2 Bb7
9. c3 bxc3 10. bxc3 Ngf6 11. Ng3 h5 12. e5 Nd5 13. e6 Nf8 14. exf7+ Kxf7 15. Qb3
Rb8 16. Bxa6 Bxa6 17. Qxd5+ e6 18. Ng5+ Kg8 19. Qe4 Qf6 20. Kf2 h4 21. Ne2 Bc4
22. Re1 Rh5 23. Kg1 Nh7 24. Nxh7 Kxh7 25. a5 Ba6 26. Qf3 d5 27. Ba3 Rb5 28. Bb4
Qf7 29. Nc1 Rf5 30. Nd3 g5 31. Qe3 gxf4 32. Qxe6 Qxe6 33. Rxe6 Bc8 34. Re7 c6
35. Rc7 Be6 36. a6 1-0

[Event "European Blitz 2017"]
[Site "Katowice POL"]
[Date "2017.12.15"]
[Round "22.95"]
[White "Pavlidou, Ekaterini"]
[Black "Sabuk, Piotr"]
[Result "0-1"]
[WhiteTitle "WIM"]
[BlackTitle "IM"]
[WhiteElo "2196"]
[BlackElo "2382"]
[WhiteFideId "4213262"]
[BlackFideId "1137565"]
[EventDate "2017.12.15"]
[EventType "blitz"]

1. d4 d6 2. c4 e5 3. d5 f5 4. Nc3 Nf6 5. g3 g6 6. Bg2 Bg7 7. e4 O-O 8. Nge2 Na6
9. O-O Nc5 10. f3 a5 11. Be3 fxe4 12. Nxe4 Ncxe4 13. fxe4 Ng4 14. Bd2 Bh6 15.
Bxh6 Nxh6 16. Rxf8+ Qxf8 17. Qd2 Nf7 18. Rf1 Bd7 19. Nc1 c6 20. dxc6 Bxc6 21.
Ne2 Qb8 22. Nc3 Qa7+ 23. Kh1 Qd4 24. Qe2 Kg7 25. Nd5 Bxd5 26. exd5 Rf8 27. b3
Nh6 28. Rxf8 Kxf8 29. Be4 Ng8 30. Qg4 Nf6 31. Qc8+ Kg7 32. Qc7+ Kh6 33. Bc2 Qf2
34. Bd3 Ng4 0-1

[Event "European Blitz 2017"]
[Site "Katowice POL"]
[Date "2017.12.15"]
[Round "22.96"]
[White "Przybylski, Bartosz"]
[Black "Kutynec, Vladimir"]
[Result "0-1"]
[BlackTitle "IM"]
[WhiteElo "2085"]
[BlackElo "2270"]
[WhiteFideId "1126652"]
[BlackFideId "4119843"]
[EventDate "2017.12.15"]
[EventType "swiss"]

1. e4 c5 2. Nf3 Nc6 3. Bc4 e6 4. O-O Be7 5. c3 d5 6. exd5 exd5 7. Bb5 Nf6 8. h3
O-O 9. Bxc6 bxc6 10. d4 h6 11. Bf4 a5 12. Re1 Re8 13. Nbd2 a4 14. Qc2 c4 15. Ne5
Qb6 16. Ndf3 Be6 17. Qd2 Bf8 18. Rab1 Qa6 19. Qc2 Rab8 20. Nh2 Rb6 21. Nhg4 Nxg4
22. Nxg4 a3 23. b3 cxb3 24. Rxb3 c5 25. Bxh6 Bf5 26. Rxb6 Qxb6 27. Qxf5 Rxe1+
28. Kh2 Qe6 29. Qg5 Kh7 30. Bxg7 Bxg7 31. f4 Qg6 32. Qh4+ Kg8 33. Qxe1 cxd4 34.
cxd4 Bxd4 35. Qe8+ Kg7 36. Ne5 Qe6 37. Qd8 Qf5 38. Qxd5 Qxf4+ 39. g3 Qxe5 40.
Qb3 Qe2+ 41. Kh1 Qf1+ 0-1